Франко і Шевченко (Запис № 334876)

МАРК-запис
000 -LEADER
fixed length control field 00696nam a22002417a 4500
001 - CONTROL NUMBER
control field 48770
003 - CONTROL NUMBER IDENTIFIER
control field UA-OsUOA
005 - DATE AND TIME OF LATEST TRANSACTION
control field 20201129145558.0
007 - PHYSICAL DESCRIPTION FIXED FIELD--GENERAL INFORMATION
fixed length control field ta
008 - FIXED-LENGTH DATA ELEMENTS--GENERAL INFORMATION
fixed length control field 20070912b un ||||| |||| 00| 0 ukr d
040 ## - CATALOGING SOURCE
Original cataloging agency UA-OsUOA
Language of cataloging ukr
Transcribing agency UA-OsUOA
Modifying agency UA-OsUOA
041 ## - LANGUAGE CODE
Language code of text/sound track or separate title ukr
080 ## - UNIVERSAL DECIMAL CLASSIFICATION NUMBER
Universal Decimal Classification number 82.09
090 ## - LOCALLY ASSIGNED LC-TYPE CALL NUMBER (OCLC); LOCAL CALL NUMBER (OCLC)
Classification number (OCLC) (R) ; Classification number, CALL (RLIN) (NR) 82.09
Local cutter number (OCLC) ; Book number/undivided call number, CALL (RLIN) Б51
100 ## - MAIN ENTRY--PERSONAL NAME
Personal name Бернштейн М. Д.
245 ## - TITLE STATEMENT
Title Франко і Шевченко
Remainder of title монографія
260 ## - PUBLICATION, DISTRIBUTION, ETC. (IMPRINT)
Place of publication, distribution, etc К.
Name of publisher, distributor, etc Дніпро
Date of publication, distribution, etc 1984
300 ## - PHYSICAL DESCRIPTION
Extent 265 с.
650 #7 - SUBJECT ADDED ENTRY--TOPICAL TERM
Topical term or geographic name as entry element 82 Література. Літературознавство
Source of heading or term UDC
942 ## - ADDED ENTRY ELEMENTS (KOHA)
Koha item type Книги
Source of classification or shelving scheme Universal Decimal Classification
955 ## - COPY-LEVEL INFORMATION (RLIN)
Classification number, CCAL (RLIN) Навчальні видання
Фонди
Withdrawn status Lost status Source of classification or shelving scheme Damaged status Not for loan Collection code Home library Current library Date acquired Source of acquisition Cost, normal purchase price Inventory number Total Checkouts Full call number Barcode Date last seen Price effective from Koha item type
    Universal Decimal Classification     Колекція Жулинського М.Г. ЧЗ - Читальна зала ЧЗ - Читальна зала 12/09/2007 142/2007 2.00 107398   82.09 Б51 107398 06/02/2022 12/09/2007 Книги
    Universal Decimal Classification       ЧЗ - Читальна зала ЧЗ - Читальна зала 29/03/2018 14/2018 12.00 158480   82.09 Б51 158480 05/11/2021 29/03/2018 Книги